000 00374nam a22001337a 4500
008 130506b xxu||||| |||| 00| 0 eng d
082 _222 ED
_a348.42 ALL
_b1
100 _aEDGERLEY, J.T.
245 _aThe All England Law Report 1956 Vol.3
_cEDGERLEY, J.T.
260 _aLONDON
_bBUTTERWORTH & CO
300 _axxv.;992P,
_c24cm
521 _aIncludes Index
942 _2ddc
_cLRT
999 _c5359
_d5359